Vida y obra del doctor Juan Gutiérrez de Godoy / (Record no. 113968)

MARC details
000 -LEADER
campo de control de longitud fija 00619nam a2200169 4500
001 - NÚMERO DE CONTROL
campo de control 113968
003 - IDENTIFICADOR DE NÚMERO DE CONTROL
campo de control ES-MaACL
005 - FECHA Y HORA DE LA ÚLTIMA TRANSACCIÓN
campo de control 20230906190039.0
007 - CAMPO FIJO DE DESCRIPCIÓN FÍSICA--INFORMACIÓN GENERAL
campo de control de longitud fija t|
008 - DATOS DE LONGITUD FIJA--INFORMACIÓN GENERAL
campo de control de longitud fija 061121s1967 sp r ||||1| spa d
100 1# - ENTRADA PRINCIPAL--NOMBRE DE PERSONA
Nombre de persona Palma Rodríguez, Fermín.
9 (RLIN) 88621
245 10 - MENCIÓN DEL TÍTULO
Título Vida y obra del doctor Juan Gutiérrez de Godoy /
Mención de responsabilidad, etc. Fermín Palma Rodríguez.
260 ## - PUBLICACIÓN, DISTRIBUCIÓN, ETC.
Lugar de publicación, distribución, etc. Salamanca :
Nombre del editor, distribuidor, etc. Universidad, Seminario de Historia de la Medicina Española,
Fecha de publicación, distribución, etc. 1967.
300 ## - DESCRIPCIÓN FÍSICA
Extensión 95 p. :
Otras características físicas il. ;
Dimensiones 24 cm.
710 2# - ENTRADA AGREGADA--NOMBRE DE ENTIDAD CORPORATIVA
Nombre de entidad corporativa o nombre de jurisdicción como elemento de entrada Universidad de Salamanca.
Unidad subordinada Seminario de Historia de la Medicina Española.
9 (RLIN) 7291
852 ## - LOCALIZACIÓN
Ubicación ES-MaACL
Número de control de estantería C-46693
Sublocalización o colección R.71007
Holdings
Estatus retirado Estado de pérdida Estado de daño No para préstamo Biblioteca de origen Biblioteca actual Ubicación en estantería Fecha de adquisición Fuente de adquisición Total de préstamos Signatura topográfica completa Código de barras Visto por última vez Precio de reemplazo Tipo de ítem Koha
        Biblioteca del Ateneo de Madrid Biblioteca del Ateneo de Madrid Depósito 2 17/01/2008     C-46693 1118856 23/02/2023 23/02/2023 Libro impreso